000 00704nam a2200181 i 4500
001 68969
003 ES-MaACL
007 t|
008 040820s19741982sp ||||1| spa d
245 0 4 _aLos imperios del Antiguo Oriente /
_ccompilado por Elena Cassin, Jean Bottero y Jean Vercoutter.
260 _a[Madrid] :
_bSiglo XXI,
_c[1974-1982] (
_fClosas Orcoyen)
300 _a3 v. ;
_c18 cm.
505 8 _aContiene: Vol. I: Del PaleolĂ­tico a la mitad del segundo milenio -- Vol. II: El fin del segundo milenio -- Vol. III: La primera mitad del primer milenio
700 1 _aBottéro, Jean.
_930800
700 1 _aVercoutter, Jean.
_9113997
700 1 _aCassin, Elena.
_936354
852 _aES-MaACL
_jL-4407-9
999 _c68969
_d68969